| 000 | 01191cam a22003257a 4500 | ||
|---|---|---|---|
| 003 | CHAP | ||
| 005 | 20220329142130.0 | ||
| 008 | 990831d1994 it rn 00110 spa d | ||
| 010 | _a78946 | ||
| 011 | _a79918 | ||
| 035 | _a90335 | ||
| 040 | _cCHAP | ||
| 090 | _aFolleto 15466y | ||
| 110 |
_aFAO. Oficina Regional para América Latina y el Caribe _939640 |
||
| 245 | 1 | 3 |
_aLa formación de técnicos agropecuarios : _blo educativo al servicio de lo productivo enseñar y aprender produciendo _c/por Polan Lacki, Juan Manuel Zepeda del Valle |
| 260 |
_aSantiago de Chile : _bFAO. Oficina Regional para América Latina y el Caribe, _c1994. |
||
| 300 | _a83 p. | ||
| 590 |
_aBATCH-UPD _b10 _c20130110 _lUCH01 _h0430 |
||
| 590 |
_aBATCH-UPD _b10 _c20130410 _lUCH01 _h0105 |
||
| 590 |
_aBATCH-UPD _b10 _c20130914 _lUCH01 _h0839 |
||
| 590 |
_aCONVERSION _b10 _c20130109 _lUCH01 _h1344 |
||
| 650 | 1 | 4 |
_aCapacitación. _918690 |
| 650 | 1 | 4 |
_aEducación agrícola. _935491 |
| 700 | 0 |
_aLacki, Polan. _964336 |
|
| 700 | 0 |
_aZepeda del Valle, Juan Manuel. _9123920 |
|
| 901 | _aBK | ||
| 905 | _aLilia Sánchez G. | ||
| 942 | _cFOLL | ||
| 949 |
_aFolleto 15466y _bBC _cFAO _d903351 _eFAO1 _i90335 _kDonaciØn _st |
||
| 999 |
_c78946 _d78946 |
||